000 00870nam a2200229 a 4500
999 _c11556
_d11556
001 11556
003 BD-JhCC
005 20200328133629.0
008 200328s2018 b |||| |||| 000 0 be d
020 _a9789849124894
035 _a(BD-JhCC)11556
040 _aBD-JhCC
_dBD-JhCC
041 _aben
082 _a385.09549205
_bRAZ 2019
100 _aরাজ্জাক, মানিক মোহাম্মদ
245 _aরেলওয়েতে মুক্তিযুদ্ধ ও গণহত্যা /
_cমানিক মোহাম্মদ রাজ্জাক
260 _aঢাকা :
_bনালন্দা,
_c২০১৯.
300 _a৪৮৮ পৃ. :
_c২০ সেমি.
500 _aগ্রন্থপঞ্জি অর্ন্তভূক্ত
650 _aLiberation war of Railway
_zBangladesh
942 _2ddc
_cBK